000 00757nam a2200289Ia 4500
005 20260324122249.0
008 008 260324s9999 xx 000 0 eng d
020 _a9780203122808
037 _aEBOOK
040 _aCRL
040 _beng
040 _cCRL
041 _2eng
041 _aeng
084 _qCRL
100 _aChristian Messier; Klaus J. Puettmann; K. David Coates
_91165770
245 0 _aManaging Forests as Complex Adaptive Systems
245 0 _bBuilding Resilience to the Challenge of Global Change
260 _bTaylor and Francis
260 _c2013
365 _a
365 _b240
856 _uhttp://www.taylorfrancis.com/books/9780203122808
942 _cEBOOK
999 _c1758364
_d1758364